Compte rendu des débats <L'>Assemblée parlementaire

Na minha lista:
Detalhes bibliográficos
Formato: Livro
Idioma:francês
Publicado em: Strasbourg Conseil de l'Europe 1983
Tags: Adicionar Tag
Sem tags, seja o primeiro a adicionar uma tag!

MARC

LEADER 00000nam a2200000 4500
001 c133260
005 20250606084106.6
041 0 |a fre 
044 |a FR 
245 1 0 |a Compte rendu des débats  |b <L'>Assemblée parlementaire 
264 1 |a Strasbourg  |b Conseil de l'Europe  |c 1983 
300 |a S. 691-987